000 00539nam a2200193Ia 4500
005 20250508162918.0
008 008 250505s9999 xx 000 0 eng d
037 _aTextual
040 _aFEDL
_beng
_cFEDL
041 _aeng
_2eng
084 _a170, CHA
_qFEDL
100 _aChakravati Apala
_9774373
245 0 _aOn moral judgements and arguments
260 _aCalcutta, India
_bRabindra Bharati University
_c1975
300 _axii,117p.
650 _aEthics
942 _cTEXL
_h170, CHA
999 _c1379390
_d1379390